How not to get lost in the process (Record no. 75513)

MARC details
000 -LEADER
fixed length control field 00652cab a2200181 4500
001 - CONTROL NUMBER
control field L130245
008 - FIXED-LENGTH DATA ELEMENTS--GENERAL INFORMATION
fixed length control field 050706n2005 000 0 eng u
035 ## - SYSTEM CONTROL NUMBER
System control number (Sirsi) u130245
041 ## - LANGUAGE CODE
Language code of text/sound track or separate title eng
100 ## - MAIN ENTRY--PERSONAL NAME
Personal name Fox-Edwards, Jane
245 ## - TITLE STATEMENT
Title How not to get lost in the process
260 ## - PUBLICATION, DISTRIBUTION, ETC.
Date of publication, distribution, etc. 2005
490 ## - SERIES STATEMENT
Series statement Estates Gazette
Volume/sequential designation (0525) 25 June 2005, 184-186(3)
520 ## - SUMMARY, ETC.
Summary, etc. Surveyors are increasingly becoming involved in dealing with lease renewals. Advises surveyors on how to avoid negligence claims when processing lease renewals.
590 ## - LOCAL NOTE (RLIN)
Local note IKA190705
690 ## - LOCAL SUBJECT ADDED ENTRY--TOPICAL TERM (OCLC, RLIN)
Topical term or geographic name as entry element MANAGEMENT-BUSINESS MANAGEMENT-PROFESSIONAL PRACTICE-NEGLIGENCE
942 ## - ADDED ENTRY ELEMENTS (KOHA)
Suppress in OPAC 0
Holdings
Withdrawn status Lost status Source of classification or shelving scheme Damaged status Not for loan Home library Current library Shelving location Date acquired Total Checkouts Full call number Barcode Date last seen Copy number Price effective from Koha item type
    Dewey Decimal Classification     London London Journal article 06/07/2005   L130245 130245-1001 06/08/2019 1 06/08/2019 Journal article